| 000 | 00418cam a2200169u 4500 | ||
|---|---|---|---|
| 001 | unk81013497 | ||
| 003 | DLC | ||
| 005 | 20260227112758.0 | ||
| 008 | 810522q gw 000 0 ger | ||
| 010 | _aunk81013497 | ||
| 040 |
_aDLC _cCarP _dDLC |
||
| 050 | 0 | 0 |
_aJS19 _b.M8 |
| 110 | 1 | _aMunich (Germany) | |
| 245 | 1 | 0 | _aBericht über den stand der gemeindeangelegenheiten ... |
| 260 | _cMünchen | ||
| 300 |
_av. _bcm. |
||
| 999 |
_c91315 _d91315 |
||